| Tag |
First Indicator |
Second Indicator |
Subfields |
| LEADER |
00000cam a2200000 a 4500 |
| 001 |
in00002785325 |
| 005 |
20211120170456.0 |
| 006 |
m o d f |
| 007 |
cr bn||||a|||| |
| 008 |
121102s2012 dcua o f000 0 eng c |
| 035 |
|
|
|a (OCoLC)ocn815757558
|
| 040 |
|
|
|a GPO
|b eng
|c GPO
|d GPO
|d OCLCQ
|d OCLCA
|d GPO
|d MvI
|d UtOrBLW
|
| 042 |
|
|
|a pcc
|
| 043 |
|
|
|a n-us---
|
| 049 |
|
|
|a WWW
|
| 050 |
1 |
4 |
|a KF27
|b .A76398 2012d
|
| 074 |
|
|
|a 1012-F (online)
|
| 086 |
0 |
|
|a Y 4.AR 5/2 A:2011-2012/120
|
| 088 |
|
|
|a H.A.S.C. no. 112-120
|
| 110 |
1 |
|
|a United States.
|b Congress.
|b House.
|b Committee on Armed Services.
|b Subcommittee on Military Personnel.
|
| 245 |
1 |
0 |
|a Hearing on National Defense Authorization Act for Fiscal Year 2013 and oversight of previously authorized programs before the Committee on Armed Services, House of Representatives, One Hundred Twelfth Congress, second session :
|b Subcommittee on Military Personnel hearing on Defense Health Program budget overview, hearing held March 21, 2012.
|
| 246 |
3 |
0 |
|a Defense Health Program budget overview
|
| 264 |
|
1 |
|a Washington :
|b U.S. G.P.O.,
|c 2012.
|
| 300 |
|
|
|a 1 online resource (iv, 241 pages) :
|b illustrations
|
| 336 |
|
|
|a text
|b txt
|2 rdacontent
|
| 337 |
|
|
|a computer
|b c
|2 rdamedia
|
| 338 |
|
|
|a online resource
|b cr
|2 rdacarrier
|
| 500 |
|
|
|a Title from title screen (viewed on Nov. 2, 2012).
|
| 500 |
|
|
|a Paper version available for sale by the Supt. of Docs., U.S. G.P.O.
|
| 500 |
|
|
|a "H.A.S.C. number 112-120."
|
| 500 |
|
|
|a Electronic resource.
|
| 610 |
2 |
0 |
|a Military Health System (U.S.)
|x Appropriations and expenditures.
|
| 651 |
|
0 |
|a United States
|x Armed Forces
|x Medical care.
|
| 650 |
|
0 |
|a Veterans
|x Medical care
|z United States.
|
| 650 |
|
0 |
|a Retired military personnel
|x Medical care
|z United States.
|
| 650 |
|
0 |
|a Military dependents
|x Medical care
|z United States.
|
| 650 |
|
0 |
|a Medical fees
|z United States.
|
| 610 |
1 |
0 |
|a United States.
|b Office of the Assistant Secretary of Defense (Health Affairs).
|b TRICARE Management Activity
|x Rules and practice.
|
| 650 |
|
0 |
|a Medicine, Military
|z United States.
|
| 776 |
0 |
8 |
|i Print version:
|a United States. Congress. House. Committee on Armed Services. Subcommittee on Military Personnel.
|t Hearing on National Defense Authorization Act for Fiscal Year 2013 and oversight of previously authorized programs before the Committee on Armed Services, House of Representatives, One Hundred Twelfth Congress, second session
|w (OCoLC)820475513
|
| 776 |
0 |
8 |
|i Microfiche version:
|a United States. Congress. House. Committee on Armed Services. Subcommittee on Military Personnel.
|t Hearing on National Defense Authorization Act for Fiscal Year 2013 and oversight of previously authorized programs before the Committee on Armed Services, House of Representatives, One Hundred Twelfth Congress, second session
|w (OCoLC)830040952
|
| 856 |
4 |
0 |
|u https://purl.fdlp.gov/GPO/gpo30840
|t 0
|
| 999 |
|
|
|a MARS
|
| 999 |
f |
f |
|s 5602cefc-d444-3071-b7a8-bd1c55016e0b
|i c2846acd-9f30-39d6-ad47-f5868aca114a
|t 0
|
| 952 |
f |
f |
|a Texas A&M University
|b College Station
|c Electronic Resources
|d Available Online
|t 0
|e Y 4.AR 5/2 A:2011-2012/120
|h Superintendent of Documents classification
|
| 998 |
f |
f |
|a Y 4.AR 5/2 A:2011-2012/120
|t 0
|l Available Online
|